The wildwood bakery / (Record no. 47010)
| 000 -LEADER | |
|---|---|
| fixed length control field | 00370nam a2200133 4500 |
| 020 ## - INTERNATIONAL STANDARD BOOK NUMBER | |
| International Standard Book Number | 9781338163001 |
| 100 ## - MAIN ENTRY--PERSONAL NAME | |
| Personal name | Elliott, Rebecca |
| 9 (RLIN) | 56640 |
| 245 ## - TITLE STATEMENT | |
| Title | The wildwood bakery / |
| Statement of responsibility, etc | Rebecca Elliott |
| 260 ## - PUBLICATION, DISTRIBUTION, ETC. (IMPRINT) | |
| Place of publication, distribution, etc | New York, NY |
| Name of publisher, distributor, etc | Scholastic |
| Date of publication, distribution, etc | 2017 |
| 300 ## - PHYSICAL DESCRIPTION | |
| Extent | 72 p. |
| Other physical details | col. ill. |
| Dimensions | 19 cm. |
| 490 ## - SERIES STATEMENT | |
| Series statement | Owl Diaries: 7 |
| 650 ## - SUBJECT ADDED ENTRY--TOPICAL TERM | |
| Topical term or geographic name as entry element | Owl |
| Form subdivision | Juvenile Fiction |
| 9 (RLIN) | 85141 |
| 942 ## - ADDED ENTRY ELEMENTS (KOHA) | |
| Source of classification or shelving scheme | |
| Koha item type | Book |
| Withdrawn status | Lost status | Source of classification or shelving scheme | Damaged status | Not for loan | Home library | Current library | Shelving location | Date acquired | Total Checkouts | Full call number | Barcode | Date last seen | Date checked out | Price effective from | Koha item type |
|---|---|---|---|---|---|---|---|---|---|---|---|---|---|---|---|
| Asian Hope Early Years Library | Asian Hope Early Years Library | Junior Fiction | 05/13/2024 | 22 | CB FIC ELL | 206227 | 04/30/2026 | 04/23/2026 | 05/13/2024 | Book |